LEADER 02154nam a2200397 u 4500 001 000000014224 003 CaOOAMICUS 005 20070226105735.0 008 940517s1991 sp u000 u spa u 020 $a84-7914-037-2 035 $a10337880 040 $aPUL$bita 041 1 $aspa$alat 100 0 $aAugustinus,$cs., vesc. d'Ippona,$d354-430.$0(OLS)http://pul/name/1290 240 10$aGruppi, scelte$9(Augustinus, s., vesc. d'Ippona, 354-430).$lSpagnolo e latino.$0(OLS)http://pul/title/20467 245 10$aEscritos bíblicos.$n3,$pExpressiones del Heptateuco, Espejo de la Sagrada Escritura, Ocho Questiones del Antiguo Testamento /$ctraducción, introducción y notas de Manuel A. Marcos Casquero. 260 $aMadrid :$bBiblioteca de autores cristianos,$c1991. 300 $ax, 566 p. ;$c19 cm 490 1 $aObras completas de San Agustín ;$v27 490 1 $aBiblioteca de autores cristianos ;$v515 505 0 $aTesto latino e trad. spagnola di: Locutiones in Heptateuchum ; Speculum de Sacra Scriptura ; De octo quaestionibus ex Veteri Testamento. 600 04$aAugustinus,$cs., vesc. d'Ippona,$d354-430.$0(OLS)http://pul/subject/758 700 1 $aMarcos Casquero, Manuel A.$0(OLS)http://pul/name/13234 830 0$aBiblioteca de autores cristianos ;$v515.$0(OLS)http://pul/title/1365 830 0$aObras completas de San Agustín ;$v27.$0(OLS)http://pul/title/15032 850 $aPUL 852 $aPUL$W1$xSL Cons. Gen., Altre Classi 1$y1$m2000 A 27$j20001$nBK-PRI$b $qStampati$B20001$CPULBib$Z2$F20001 $H $81 900 $aAgostino,$cs., vesc. d'Ippona,$d354-430$91290 900 $aAgostino, Aurelio,$cs., vesc. d'Ippona$d354-430$91290 941 1 $a8 960 $aAgostino,$cs., vesc. d'Ippona,$d354-430$9758 961 $aINV: 77581 983 0$aBAC. 996 $6020$a84-7914-037-2$9(OLS)http://pul/number/18108 996 $6245$aEscritos bíblicos.$n3,$pExpressiones del Heptateuco, Espejo de la Sagrada Escritura, Ocho Questiones del Antiguo Testamento$9(OLS)http://pul/title/20480 996 $6260$aMadrid :$bBiblioteca de autores cristianos$9(OLS)http://pul/publisher/51328 LEADER 00937nam a2200253 u 4500 001 000000024147 003 CaOOAMICUS 005 20070226111323.0 008 950712s1945 it u000 u ita u 035 $a10610417 040 $aMSA$bita$dPUL(R) 041 1 $aita$hfre 100 1 $aChevalier, Jacques,$d1882-1962.$0(OLS)http://pul/name/20237 245 10$aPascal /$cJacques Chevalier ; traduzione di Giovanni Vezzoli. 250 $a2. ed. 260 $aBrescia :$bMorcelliana,$c1945. 300 $a175 p. ;$c20 cm 600 14$aPascal, Blaise,$d1623-1662$xBiografia.$0(OLS)http://pul/subject/14637 850 $aPUL 852 $aPUL$W1$xDP1 Fondo Giannini$y60$m1556 E 43$j33818$nBK-PRI$b $qFondi$B33818$CPULBib$Z2$F33818 $H $81 941 1 $a1 961 $aINV: F: Giannini 996 $6245$aPascal$9(OLS)http://pul/title/8215 996 $6260$aBrescia :$bMorcelliana$9(OLS)http://pul/publisher/47854 LEADER 02414nam a2200337 a 4500 001 000000123736 003 CaOOAMICUS 005 20101117135353.0 008 101117t2010 it a 000 u ita r 020 $a978-88-8450-311-4 040 $aPUL$bita 082 04$a018.131 245 02$aI manoscritti medievali di Trento e provincia :$bTrento, Biblioteca Capitolare dell'Archivio diocesano, Castello del Buonconsiglio, Fondazione Biblioteca S. Bernardino, Museo Dicocesano Tridentino, Seminario Teologico; Ala, Biblioteca comunale; Arco, Biblioteca Civica; Lizzana, Archivio diocesano; Riva del Garda, Biblioteca civica; Rovereto, Biblioteca civica /$ca cura di Adriana Paolini ; con la collaborazione di Marina Barnasconi, Leonardo Granata. 260 $aTrento :$bProvincia autonoma di Trento. Soprintendenza per i beni librari archivistici e archeologici ;$aFirenze :$bSismel-Edizioni del Galluzzo,$c2010. 300 $aXXXIII, 198 p., CLI tav. :$bill. ;$c30 cm 490 1 $aBiblioteche e archivi ;$v20 650 4$aManoscritti$zItalia$zTrento.$0(OLS)http://pul/subject/37335 651 4$aTrento$xStoria$xFonti.$0(OLS)http://pul/subject/32215 700 1 $aPaolini, Adriana.$0(OLS)http://pul/name/78007 700 1 $aBernasconi, Marina.$0(OLS)http://pul/name/78008 700 1 $aGranata, Leonardo.$0(OLS)http://pul/name/78009 830 0$aBiblioteche e archivi ;$v20.$0(OLS)http://pul/title/155960 850 $aPUL 852 $aPUL$W1$xSL Cons. Gen., Altre Classi 3$y75$m018. 131 BIBAR 1.20$j142527$qDDC 21$B141485$CPULBib$Z2$F141485 $H115154 $82 941 1 $a9 996 $6020$a978-88-8450-311-4$9(OLS)http://pul/number/145911 996 $6082$a018.131$9(OLS)http://pul/classification/1751 996 $6245$aI manoscritti medievali di Trento e provincia :$bTrento, Biblioteca Capitolare dell'Archivio diocesano, Castello del Buonconsiglio, Fondazione Biblioteca S. Bernardino, Museo Dicocesano Tridentino, Seminario Teologico; Ala, Biblioteca comunale; Arco, Biblioteca Civica; Lizzana, Archivio diocesano; Riva del Garda, Biblioteca civica; Rovereto, Biblioteca civica$9(OLS)http://pul/title/155959 996 $6260$aTrento :$bProvincia autonoma di Trento. Soprintendenza per i beni librari archivistici e archeologici$9(OLS)http://pul/publisher/81334 996 $6260$aFirenze :$bSismel-Edizioni del Galluzzo$9(OLS)http://pul/publisher/79162